<?xml version="1.0" encoding="UTF-8"?>
<record
    xmlns:xsi="http://www.w3.org/2001/XMLSchema-instance"
    xsi:schemaLocation="http://www.loc.gov/MARC21/slim http://www.loc.gov/standards/marcxml/schema/MARC21slim.xsd"
    xmlns="http://www.loc.gov/MARC21/slim">

  <leader>00523nam a2200145   4500</leader>
  <controlfield tag="008">730.986.1 M491b</controlfield>
  <datafield tag="020" ind1=" " ind2=" ">
    <subfield code="a">9789585767119</subfield>
  </datafield>
  <datafield tag="082" ind1=" " ind2=" ">
    <subfield code="a">730.986.1</subfield>
    <subfield code="b">M491b</subfield>
  </datafield>
  <datafield tag="100" ind1=" " ind2=" ">
    <subfield code="a">Rozo, R&#xF3;mulo</subfield>
    <subfield code="9">6688</subfield>
  </datafield>
  <datafield tag="245" ind1=" " ind2=" ">
    <subfield code="a">La bachu&#xE9; de R&#xF3;mulo Rozo:</subfield>
    <subfield code="b">un &#xED;cono del arte moderno colombiano</subfield>
  </datafield>
  <datafield tag="260" ind1=" " ind2=" ">
    <subfield code="a">Colombia</subfield>
    <subfield code="b">Fundaci&#xF3;n Proyecto Bachu&#xE9;</subfield>
    <subfield code="c">2013</subfield>
  </datafield>
  <datafield tag="300" ind1=" " ind2=" ">
    <subfield code="a">197 p.</subfield>
    <subfield code="b">ill (col)</subfield>
    <subfield code="c">29 x 24.5 cm</subfield>
  </datafield>
  <datafield tag="650" ind1=" " ind2=" ">
    <subfield code="x">arte - escultura</subfield>
    <subfield code="x">Colombia</subfield>
    <subfield code="x">escultura - colecciones</subfield>
    <subfield code="x">Rozo, R&#xF3;mulo, 1899-1964</subfield>
    <subfield code="9">6691</subfield>
  </datafield>
  <datafield tag="700" ind1=" " ind2=" ">
    <subfield code="a">Padilla, Christian (edici&#xF3;n)</subfield>
    <subfield code="9">6692</subfield>
  </datafield>
  <datafield tag="999" ind1=" " ind2=" ">
    <subfield code="c">1620</subfield>
    <subfield code="d">1620</subfield>
  </datafield>
  <datafield tag="952" ind1=" " ind2=" ">
    <subfield code="0">0</subfield>
    <subfield code="1">0</subfield>
    <subfield code="2">ddc</subfield>
    <subfield code="4">0</subfield>
    <subfield code="7">0</subfield>
    <subfield code="a">LV</subfield>
    <subfield code="b">LV</subfield>
    <subfield code="c">Monograf&#xED;as</subfield>
    <subfield code="d">2018-09-13</subfield>
    <subfield code="l">0</subfield>
    <subfield code="o">730.986.1 M491b</subfield>
    <subfield code="p">002287</subfield>
    <subfield code="r">2018-09-13 00:00:00</subfield>
    <subfield code="w">2018-09-13</subfield>
    <subfield code="y">01</subfield>
  </datafield>
</record>
